| 000 | 00604 a2200229 4500 | ||
|---|---|---|---|
| 005 | 20260129110353.0 | ||
| 008 | 260128b |||||||| |||| 00| 0 eng d | ||
| 020 |
_a9789359775227 _cRs. 2195.00 |
||
| 040 | _aMAIN | ||
| 082 |
_a157.9 _bJ328E |
||
| 100 | _aJaved, Sarah | ||
| 245 | _aExploring health psychology for wellness and well-being | ||
| 260 |
_bThe Readers Paradise _c2024 _aNew Delhi |
||
| 300 | _av, 282 | ||
| 650 | _aPsychology | ||
| 650 | _aHealth Psychology | ||
| 650 | _aWellness | ||
| 650 | _aWell-Being | ||
| 650 | _aHealth Behavior | ||
| 700 | _aHusain, Akbar | ||
| 942 | _cBK | ||
| 999 |
_c393685 _d393685 |
||